Responses for Show #298 - Wednesday, October 30, 1985

Mark Leinwand game 5.

Contestants

[<< previous game]

Phyllis Kornov, a bank support officer originally from Miami Beach, Florida

Rick Giles, an event coordinator from Los Angeles, California

Mark Leinwand, an attorney and a businessman from Los Angeles, California (whose 4-day cash winnings total $43,700)

[next game >>]

Jeopardy! Round responses

INTERNATION'L ORGANIZATIONS
INSECTS
LUNCH COUNTER LINGO
POP MUSIC
HOLIDAYS
"BLUE" MOVIES
    $100 17
the Common Market

Mark
    $100 21
6

Rick
    $100 12
coffee

Phyllis
    $100 1
Hall & Oates

Rick
    $100 11
May 5th

Mark
    $100 3
The Blues Brothers

Mark
    $200 18
OPEC

Phyllis
    $200 22
a ladybug

Rick
    $200 19
a hot dog

Phyllis
    $200 2
Lionel Richie

Phyllis
    $200 13
an April fool

Phyllis
    $200 4
Blue Hawaii

Rick
    $300 27
(Alex: Yes, Woodrow Wilson was the man who proposed it.)

the United States

Phyllis
    $2,000 23
[Loud applause; Mark pats Rick on the shoulder.]
[The song was not reprised going into the break.]

a boll weevil

Rick
    $300 20
chili

Rick
    $300 5
Bette Midler

Phyllis
    $300 14
January 1st

Phyllis
    $300 6
Blue Thunder

Rick
    $400 29
(Alex: [Calling on Mark to respond] War--Mark.)
[The end-of-round signal sounds.]

the Warsaw Pact

Mark
    $400 25
(Mark: What is a mosquito?)
...
(Alex: We've got less than a minute to go in the round.)

horse-flies

Mark
Triple Stumper
    $400 24
(Rick: What is, uh, hold the mayonnaise?)
(Phyllis: What's hold the onions?)

no ice

RickPhyllis
Triple Stumper
    $400 7
The Cars

Rick
    $400 15
St. Patrick

Rick
    $400 9
The Blue Angel

Phyllis
    $500 26
(Mark: What are legs?)

their wings

Mark
Triple Stumper
    $500 28
orange juice

Phyllis
    $500 8
Marvin Gaye & Jackie Wilson

Rick
    $500 16
Memorial Day

Mark
    $500 10
Blue Denim

Phyllis

Scores at the first commercial break (after clue 16):

Mark Rick Phyllis
$700 $1,900 $2,000

Scores at the end of the Jeopardy! Round:

Mark Rick Phyllis
$300 $4,100 $2,800

Double Jeopardy! Round responses

PRESIDENTIAL NICKNAMES
WEIGHTS & MEASURES
WWII
SHAKESPEARE'S WOMEN
MOUNTAINS
PALINDROMES
    $200 1
Lincoln

Mark
    $200 17
(Phyllis: What is "I Love You And [*]"?)
(Alex: [*], from Guys and Dolls, right, go.)

"A Bushel And A Peck"

Phyllis
    $200 7
radiation

Phyllis
    $200 11
Cleopatra

Rick
    $200 23
Mount St. Helens

Rick
    $200 3
S.O.S.

Rick
    $400 2
Ronald Reagan

Phyllis
    $400 18
1 horsepower

Rick
    $400 13
(General Douglas) MacArthur

Rick
    $400 14
Juliet

Phyllis
    $400 24
(Alex: Mount Aconcagua is in the Andes of [*].)

South America

Triple Stumper
    $400 5
[Laughter]
(Mark: Among other things.)

a poop

Mark
    $600 4
(William Henry) Harrison

Phyllis
    $600 19
(Mark: What is find?)

a carat

Mark
Triple Stumper
    $600 20
a jeep

Mark
    $600 15
Kate

Phyllis
    $600 27
the Mount Olivet (the Mount of Olives)

Triple Stumper
    $600 8
a ewe

Phyllis
    $800 6
(Phyllis: Who is Teddy Roosevelt?)

Zachary Taylor

Phyllis
Triple Stumper
    $1,000 25
(Rick: What is... 8?)
(Alex: I'm sorry, there are 8 furlongs in a mile, mile and a quarter is [*]... We've got less than a minute to go.)

10 furlongs

Rick
    $800 21
(Mark: What are Germany and Japan?)
(Alex: Oh, I'm sorry, no, Japan has bombed Pearl Harbor before that; they were already at war with us.)

Germany & Italy

Mark
    $800 16
As You Like It

Triple Stumper
    $800 28
(Alex: It used to be named Mount [*].)

Stalin

Triple Stumper
    $800 9
a bob

Phyllis
    $1000 12
James Buchanan

Triple Stumper
    $1000 29
[The end-of-round signal sounds.]

16 1/2 feet long

Triple Stumper
    $1000 22
Berlin

Rick
    $1000 26
The Merchant of Venice & Julius Caesar

Rick
    $1000 10
pep

Triple Stumper

Scores at the end of the Double Jeopardy! Round:

Mark Rick Phyllis
$100 $6,500 $5,800

[wagering suggestions for these scores]

Final Jeopardy! Round responses

FAMOUS AMERICANS
MarkWho was Alex Trebek?
$0
PhyllisWho is Ben Franklin?
$5,500
RickWho was Ben Franklin?
$2,500
Benjamin Franklin

Final scores:

Mark Rick Phyllis
$100 $9,000 $11,300
3rd place: Action recliner by Lane 2nd place: trip on Eastern to Florida & stay at Quality Inn The High Q Orlando New champion: $11,300

Game dynamics:

Coryat scores:

Mark Rick Phyllis
$900 $5,800 $5,800
8 R,
4 W
(including 1 DD)
17 R
(including 1 DD),
2 W
(including 1 DD)
19 R,
2 W

Combined Coryat: $12,500

[game clues] [game scores] [suggest correction]

Game tape date: 1985-08-06
The J! Archive is created by fans, for fans. Scraping, republication, monetization, and malicious use prohibited; this site may use cookies and collect identifying information. See terms. The Jeopardy! game show and all elements thereof, including but not limited to copyright and trademark thereto, are the property of Jeopardy Productions, Inc. and are protected under law. This website is not affiliated with, sponsored by, or operated by Jeopardy Productions, Inc. Join the discussion at JBoard.tv.